Chicago 'L' Subway - Orange Line - Statistics

General Stats
  • This quiz has been taken 30 times
  • The average score is 10 of 16
Answer Stats
Answer % Correct
Midway
93%
35th/Archer
87%
Ashland
87%
Western
80%
Harold Wasington Library-State/Van Buren
73%
Roosevelt
73%
Clark/Lake
67%
Halsted
67%
Kedzie
67%
LaSalle/Van Buren
60%
Pulaski
60%
Quincy
60%
Adams/Wabash
53%
Washington/Wells
53%
State/Lake
27%
Washington/Wabash
20%
No matching quizzes found
Score Distribution
Percent of People with Each Score
Percentile by Number Answered
Your Score History
You have not taken this quiz